| 000 | 01586ngm a22004330a 4500 | ||
|---|---|---|---|
| 001 | PT42275 | ||
| 003 | AR-LpoUNG | ||
| 005 | 20210201235941.0 | ||
| 007 | vd cvaizq | ||
| 008 | 191001s2008||||ag |||||||||||||||||spa d | ||
| 037 | _c$3.35 | ||
| 040 |
_aAR-LpoUNG _bspa _cAR-LpoUNG _eaacr |
||
| 041 | _aspa | ||
| 044 | _aag | ||
| 082 | 0 | _a982.065 594mal | |
| 100 | 1 |
_aAngueira, Myriam _edir. |
|
| 245 | 1 | 0 |
_aMalvinas : _bveinticinco años de silencio |
| 260 |
_aBuenos Aires : _bMiradas al Sur, _c2008. |
||
| 300 | _aDVD (80 min.) : son., col. | ||
| 505 | 0 | _aProducción ejecutiva, montaje y dirección: Myriam Angueira. Cámara y Fotografía: Julián Gálvez. Producción: Roberto Besemio. Música Original: María E. Pérez Cassinelli. Músicos: Sergio Ruiz, Teresa Virasoro. Técnico de Grabación: Axel Waischtein. Colaboración: Emanuel Pascual, Marcelo Galvez, Leonardo De Bella. Guión y edición: Myriam Angueira, Omar Neri. | |
| 520 | _a<p>Documental sobre un grupo de ex combatientes de Malvinas de la provincia del Chubut que decide romper el silencio y dar su testimonio de las dolorosas experiencias vividas en la guerra.</p> | ||
| 650 | 4 | _aARGENTINA | |
| 650 | 4 | _aASPECTOS POLITICOS | |
| 650 | 4 | _aCONFLICTOS | |
| 650 | 4 | _aDICTADURA | |
| 650 | 4 | _aGOBIERNO MILITAR | |
| 650 | 4 | _aGUERRA | |
| 650 | 4 | _aGUERRA CIVIL | |
| 650 | 4 | _aHISTORIA | |
| 650 | 4 | _aINGLATERRA | |
| 650 | 4 | _aVIOLENCIA | |
| 651 | 4 | _aArgentina | |
| 653 | _aCINE ARGENTINO | ||
| 653 | _aDOCUMENTALES | ||
| 653 | _aDVD | ||
| 653 | _aVIDEOS | ||
| 905 | _a42275 | ||
| 942 | _cDVD | ||
| 999 |
_c53820 _d53820 |
||